| 000 | 00402nam a2200169Ia 4500 | ||
|---|---|---|---|
| 100 | _aKarumanchi/Narasimha | ||
| 650 | _aDatastructures | ||
| 942 | _cBK | ||
| 366 | _f20 | ||
| 654 | _apython | ||
| 245 | _aDatastructures amd algorithms thinking with python and smart solutions | ||
| 260 |
_bCareer Monk _c2015 |
||
| 082 | _bKAR | ||
| 300 | _a469 | ||
| 546 |
_aENGLISH _celectronics |
||
| 999 |
_c21037 _d21037 |
||